[Event "2023 US National Elementary K-6 Championship"]
[Site "Baltimore, Maryland, United States"]
[Date "2023.05.14"]
[Round "7.10"]
[White "Radhakrishnan, Sharath"]
[Black "Jammalamadaka, Vihan"]
[Result "1-0"]
[TimeControl "G/90; d10"]
[WhiteElo "2081"]
[BlackElo "1871"]

1. e4 {[%clk 01:30:00]} {[%emt 00:00:01]} c5 {[%clk 01:25:37]} {[%emt
00:04:34]} 2. Nf3 {[%clk 01:30:00]} {[%emt 00:00:10]} e6 {[%clk 01:25:12]}
{[%emt 00:00:34]} 3. c3 {[%clk 01:30:00]} {[%emt 00:00:07]} d5 {[%clk
01:24:37]} {[%emt 00:00:45]} 4. e5 {[%clk 01:29:55]} {[%emt 00:00:16]} d4
{[%clk 01:23:40]} {[%emt 00:01:06]} 5. Bb5+ {[%clk 01:29:13]} {[%emt 00:00:51]}
Bd7 {[%clk 01:23:21]} {[%emt 00:00:30]} 6. Bxd7+ {[%clk 01:29:13]} {[%emt
00:00:07]} Qxd7 {[%clk 01:23:21]} {[%emt 00:00:09]} 7. d3 {[%clk 01:28:55]}
{[%emt 00:00:28]} Nc6 {[%clk 01:23:00]} {[%emt 00:00:30]} 8. cxd4 {[%clk
01:28:10]} {[%emt 00:00:56]} cxd4 {[%clk 01:22:53]} {[%emt 00:00:16]} 9. O-O
{[%clk 01:28:09]} {[%emt 00:00:11]} Nge7 {[%clk 01:21:43]} {[%emt 00:01:16]} 10.
Bf4 {[%clk 01:23:25]} {[%emt 00:04:58]} Qd5 {[%clk 01:17:50]} {[%emt 00:04:03]}
11. Re1 {[%clk 01:21:49]} {[%emt 00:01:43]} h6 {[%clk 01:14:01]} {[%emt
00:04:02]} 12. Nbd2 {[%clk 01:20:48]} {[%emt 00:01:10]} Ng6 {[%clk 01:13:05]}
{[%emt 00:01:08]} 13. Bg3 {[%clk 01:20:42]} {[%emt 00:00:16]} Bb4 {[%clk
01:12:46]} {[%emt 00:00:29]} 14. a3 {[%clk 01:16:44]} {[%emt 00:04:08]} Bxd2
{[%clk 01:12:22]} {[%emt 00:00:33]} 15. Qxd2 {[%clk 01:16:44]} {[%emt
00:00:05]} Na5 {[%clk 01:11:09]} {[%emt 00:01:23]} 16. Nxd4 {[%clk 01:07:59]}
{[%emt 00:08:54]} O-O {[%clk 01:10:11]} {[%emt 00:01:08]} 17. Re4 {[%clk
01:05:57]} {[%emt 00:02:12]} Rfd8 {[%clk 01:07:37]} {[%emt 00:02:44]} 18. Rd1
{[%clk 01:04:38]} {[%emt 00:01:29]} Nc4 {[%clk 01:06:46]} {[%emt 00:01:00]} 19.
Qe2 {[%clk 01:01:07]} {[%emt 00:03:43]} Nb6 {[%clk 00:57:10]} {[%emt 00:09:34]}
20. Nf3 {[%clk 01:00:51]} {[%emt 00:00:39]} Rac8 {[%clk 00:56:48]} {[%emt
00:00:30]} 21. h4 {[%clk 00:56:01]} {[%emt 00:05:00]} Ne7 {[%clk 00:54:38]}
{[%emt 00:02:20]} 22. h5 {[%clk 00:55:22]} {[%emt 00:00:50]} Nf5 {[%clk
00:54:21]} {[%emt 00:00:27]} 23. Bh2 {[%clk 00:54:58]} {[%emt 00:00:33]} Nd7
{[%clk 00:49:01]} {[%emt 00:05:31]} 24. g4 {[%clk 00:49:28]} {[%emt 00:05:40]}
Nc5 {[%clk 00:48:29]} {[%emt 00:00:42]} 25. Rc4 {[%clk 00:46:44]} {[%emt
00:02:54]} Ne7 {[%clk 00:47:07]} {[%emt 00:01:32]} 26. Rf4 {[%clk 00:43:50]}
{[%emt 00:03:05]} g5 {[%clk 00:42:03]} {[%emt 00:05:13]} 27. Rf6 {[%clk
00:33:42]} {[%emt 00:10:18]} Kg7 {[%clk 00:39:07]} {[%emt 00:03:05]} 28. Qe3
{[%clk 00:32:09]} {[%emt 00:01:44]} Ng8 {[%clk 00:38:19]} {[%emt 00:00:58]} 29.
Nxg5 {[%clk 00:31:39]} {[%emt 00:00:41]} Nxf6 {[%clk 00:35:43]} {[%emt
00:02:46]} 30. exf6+ {[%clk 00:31:39]} {[%emt 00:00:08]} Kxf6 {[%clk 00:35:31]}
{[%emt 00:00:21]} 31. Qf4+ {[%clk 00:31:39]} {[%emt 00:00:08]} Qf5 {[%clk
00:34:45]} {[%emt 00:00:56]} 32. gxf5 {[%clk 00:31:26]} {[%emt 00:00:21]} hxg5
{[%clk 00:34:45]} {[%emt 00:00:11]} 33. Qe5+ {[%clk 00:31:26]} {[%emt
00:00:09]} Ke7 {[%clk 00:34:37]} {[%emt 00:00:19]} 34. f6+ {[%clk 00:31:26]}
{[%emt 00:00:05]} Ke8 {[%clk 00:34:32]} {[%emt 00:00:16]} 35. h6 {[%clk
00:31:11]} {[%emt 00:00:26]} Rd5 {[%clk 00:34:14]} {[%emt 00:00:27]} 36. h7
{[%clk 00:30:54]} {[%emt 00:00:26]} Kd7 {[%clk 00:34:07]} {[%emt 00:00:17]} 37.
Qc3 {[%clk 00:30:05]} {[%emt 00:00:57]} Rh8 {[%clk 00:33:21]} {[%emt 00:00:58]}
38. b4 {[%clk 00:29:58]} {[%emt 00:00:17]} Na6 {[%clk 00:33:21]} {[%emt
00:00:06]} 39. Rc1 {[%clk 00:29:34]} {[%emt 00:00:32]} e5 {[%clk 00:33:14]}
{[%emt 00:00:18]} 40. Qc8+ {[%clk 00:29:18]} {[%emt 00:00:26]} Rxc8 {[%clk
00:33:03]} {[%emt 00:00:22]} 41. Rxc8 {[%clk 00:29:18]} {[%emt 00:00:10]} Kxc8
{[%clk 00:33:02]} {[%emt 00:00:10]} 42. h8=Q+ {[%clk 00:29:07]} {[%emt
00:00:22]} Kd7 {[%clk 00:33:02]} {[%emt 00:00:08]} 43. Qf8 {[%emt 00:01:07]}
1-0

[Event "2023 US National Elementary K-6 Championship"]
[Site "Baltimore, Maryland, United States"]
[Date "2023.05.14"]
[Round "7.14"]
[White "You, Eden"]
[Black "Guo, Ethan"]
[Result "0-1"]
[TimeControl "G/90; d10"]
[WhiteElo "1715"]
[BlackElo "2103"]

1. e4 {[%clk 01:30:00]} {[%emt 00:00:02]} c5 {[%clk 01:22:32]} {[%emt
00:07:38]} 2. Nf3 {[%clk 01:30:00]} {[%emt 00:00:06]} d6 {[%clk 01:22:32]}
{[%emt 00:00:07]} 3. Bb5+ {[%clk 01:30:00]} {[%emt 00:00:04]} Bd7 {[%clk
01:22:32]} {[%emt 00:00:06]} 4. Bxd7+ {[%clk 01:30:00]} {[%emt 00:00:04]} Qxd7
{[%clk 01:22:32]} {[%emt 00:00:05]} 5. c4 {[%clk 01:30:00]} {[%emt 00:00:06]}
Nf6 {[%clk 01:22:32]} {[%emt 00:00:04]} 6. Nc3 {[%clk 01:29:52]} {[%emt
00:00:20]} g6 {[%clk 01:22:25]} {[%emt 00:00:18]} 7. d4 {[%clk 01:29:19]}
{[%emt 00:00:43]} cxd4 {[%clk 01:22:10]} {[%emt 00:00:25]} 8. Nxd4 {[%clk
01:29:16]} {[%emt 00:00:12]} Bg7 {[%clk 01:21:30]} {[%emt 00:00:51]} 9. f3
{[%clk 01:29:06]} {[%emt 00:00:21]} Nc6 {[%clk 01:20:43]} {[%emt 00:00:56]} 10.
Be3 {[%clk 01:29:05]} {[%emt 00:00:11]} O-O {[%clk 01:18:56]} {[%emt 00:01:57]}
11. O-O {[%clk 01:28:10]} {[%emt 00:01:05]} Rac8 {[%clk 01:15:58]} {[%emt
00:03:08]} 12. b3 {[%clk 01:25:33]} {[%emt 00:02:47]} a6 {[%clk 01:10:39]}
{[%emt 00:05:30]} 13. Qd2 {[%clk 01:23:52]} {[%emt 00:01:50]} Nxd4 {[%clk
01:04:24]} {[%emt 00:06:25]} 14. Bxd4 {[%clk 01:23:43]} {[%emt 00:00:19]} b5
{[%clk 01:04:18]} {[%emt 00:00:17]} 15. cxb5 {[%clk 01:21:48]} {[%emt
00:02:04]} axb5 {[%clk 01:04:18]} {[%emt 00:00:08]} 16. a4 {[%clk 01:17:48]}
{[%emt 00:04:10]} bxa4 {[%clk 01:03:25]} {[%emt 00:01:03]} 17. Rxa4 {[%clk
01:15:48]} {[%emt 00:02:11]} Rb8 {[%clk 01:02:13]} {[%emt 00:01:22]} 18. Rb1
{[%clk 01:12:33]} {[%emt 00:03:23]} Rb7 {[%clk 00:59:42]} {[%emt 00:02:43]} 19.
b4 {[%clk 01:09:48]} {[%emt 00:02:54]} Rc8 {[%clk 00:57:08]} {[%emt 00:02:45]}
20. b5 {[%clk 01:04:26]} {[%emt 00:05:32]} e6 {[%clk 00:54:42]} {[%emt
00:02:36]} 21. Rba1 {[%clk 00:57:15]} {[%emt 00:07:21]} Qc7 {[%clk 00:36:35]}
{[%emt 00:18:18]} 22. b6 {[%clk 00:30:03]} {[%emt 00:27:21]} Rxb6 {[%clk
00:31:43]} {[%emt 00:05:02]} 23. Bxb6 {[%clk 00:19:52]} {[%emt 00:10:21]} Qxb6+
{[%clk 00:31:43]} {[%emt 00:00:08]} 24. Kh1 {[%clk 00:19:21]} {[%emt 00:00:40]}
Ne8 {[%emt 00:04:19]} 25. Ne2 {[%clk 00:04:17]} {[%emt 00:11:11]} Bxa1 {[%clk
00:31:20]} {[%emt 00:00:27]} 26. Rxa1 {[%clk 00:04:17]} {[%emt 00:00:02]} Kg7
{[%clk 00:30:41]} {[%emt 00:00:49]} 27. h3 {[%clk 00:04:17]} {[%emt 00:00:09]}
Nf6 {[%clk 00:30:41]} {[%emt 00:00:07]} 28. Rd1 {[%clk 00:04:16]} {[%emt
00:00:10]} Qf2 {[%clk 00:30:11]} {[%emt 00:00:41]} 29. Nf4 {[%clk 00:03:47]}
{[%emt 00:00:39]} Qxd2 {[%clk 00:30:05]} {[%emt 00:00:16]} 30. Rxd2 {[%clk
00:03:47]} {[%emt 00:00:02]} Ne8 {[%clk 00:30:05]} {[%emt 00:00:06]} 31. g4
{[%clk 00:02:14]} {[%emt 00:01:43]} Rc1+ {[%clk 00:30:05]} 32. Kg2 {[%clk
00:02:14]} {[%emt 00:00:03]} Kf6 {[%clk 00:30:05]} {[%emt 00:00:08]} 33. Nd3
{[%clk 00:01:56]} {[%emt 00:00:27]} Rc3 {[%clk 00:30:05]} {[%emt 00:00:07]} 34.
Nf4 {[%clk 00:01:23]} {[%emt 00:00:43]} Rc6 {[%clk 00:30:02]} {[%emt 00:00:14]}
35. Kg3 {[%clk 00:01:23]} {[%emt 00:00:08]} Ke7 {[%clk 00:29:56]} {[%emt
00:00:16]} 36. h4 {[%clk 00:01:18]} {[%emt 00:00:15]} Rc1 {[%clk 00:29:39]}
{[%emt 00:00:27]} 37. Ra2 {[%clk 00:01:18]} {[%emt 00:00:09]} Rd1 {[%clk
00:29:34]} {[%emt 00:00:15]} 38. Ra7+ {[%clk 00:01:18]} {[%emt 00:00:03]} Kf8
{[%clk 00:29:34]} 39. h5 {[%clk 00:01:02]} {[%emt 00:00:25]} Rg1+ {[%clk
00:28:40]} {[%emt 00:01:04]} 40. Kh4 {[%clk 00:01:02]} {[%emt 00:00:09]} Rf1
{[%clk 00:27:41]} {[%emt 00:01:10]} 41. Kg3 {[%clk 00:01:02]} {[%emt 00:00:06]}
Nf6 {[%clk 00:27:12]} {[%emt 00:00:39]} 42. Ra8+ {[%clk 00:01:02]} {[%emt
00:00:05]} Ke7 {[%clk 00:26:34]} {[%emt 00:00:48]} 43. Ra7+ {[%clk 00:01:02]}
{[%emt 00:00:08]} Nd7 {[%clk 00:26:31]} {[%emt 00:00:13]} 44. hxg6 {[%clk
00:01:02]} {[%emt 00:00:09]} hxg6 {[%clk 00:26:31]} {[%emt 00:00:02]} 45. Kg2
{[%clk 00:01:02]} {[%emt 00:00:07]} Rc1 {[%clk 00:26:31]} {[%emt 00:00:07]} 46.
Nd3 {[%clk 00:01:02]} {[%emt 00:00:08]} Rc3 {[%clk 00:26:31]} {[%emt 00:00:09]}
47. Nf4 {[%clk 00:01:02]} {[%emt 00:00:08]} Ke8 {[%clk 00:26:22]} {[%emt
00:00:19]} 48. Ra8+ {[%clk 00:01:02]} {[%emt 00:00:02]} Ke7 {[%clk 00:26:22]}
{[%emt 00:00:02]} 49. Ra7 {[%clk 00:01:02]} {[%emt 00:00:01]} Kd8 {[%clk
00:26:18]} {[%emt 00:00:14]} 50. Ra8+ {[%clk 00:01:02]} {[%emt 00:00:06]} Kc7
{[%clk 00:26:18]} {[%emt 00:00:08]} 51. Ne2 {[%clk 00:01:02]} {[%emt 00:00:08]}
Rc2 {[%clk 00:25:59]} {[%emt 00:00:30]} 52. Kf1 {[%clk 00:01:02]} {[%emt
00:00:06]} Ne5 {[%clk 00:25:24]} {[%emt 00:00:46]} 53. Nd4 {[%clk 00:01:02]}
{[%emt 00:00:02]} Rd2 {[%clk 00:25:19]} {[%emt 00:00:15]} 54. Nb3 {[%clk
00:01:02]} {[%emt 00:00:07]} Rd3 {[%clk 00:25:19]} {[%emt 00:00:09]} 55. f4
{[%clk 00:01:02]} {[%emt 00:00:09]} Rf3+ {[%clk 00:25:18]} {[%emt 00:00:11]} 56.
Ke2 {[%clk 00:01:02]} {[%emt 00:00:04]} Rxf4 {[%clk 00:25:18]} {[%emt
00:00:03]} 57. Ke3 {[%clk 00:01:02]} {[%emt 00:00:06]} Rf3+ {[%clk 00:25:18]}
{[%emt 00:00:05]} 58. Ke2 {[%clk 00:01:02]} {[%emt 00:00:06]} Rxb3 {[%clk
00:25:18]} {[%emt 00:00:01]} 59. Ra7+ {[%clk 00:01:02]} {[%emt 00:00:04]} Rb7
{[%clk 00:25:18]} {[%emt 00:00:02]} 60. Ra3 {[%clk 00:01:02]} {[%emt 00:00:05]}
Nxg4 {[%clk 00:25:18]} {[%emt 00:00:03]} 61. Rc3+ {[%clk 00:01:02]} {[%emt
00:00:03]} Kd7 {[%clk 00:25:18]} {[%emt 00:00:01]} 62. Rf3 {[%clk 00:01:02]}
{[%emt 00:00:04]} Ne5 {[%clk 00:25:18]} 63. Rc3 {[%clk 00:01:02]} {[%emt
00:00:07]} Rb2+ {[%clk 00:25:18]} 64. Ke3 {[%clk 00:01:02]} {[%emt 00:00:04]}
Ke7 {[%clk 00:25:18]} {[%emt 00:00:01]} 65. Rc7+ {[%clk 00:01:02]} {[%emt
00:00:03]} Kf6 {[%emt 00:00:11]} 66. Kd4 {[%emt 00:00:57]} 0-1

[Event "2023 US National Elementary K-6 Championship"]
[Site "Baltimore, Maryland, United States"]
[Date "2023.05.14"]
[Round "7.4"]
[White "Amrany, Benjamin"]
[Black "Lin, Benjamin"]
[Result "1-0"]
[TimeControl "G/90; d10"]
[WhiteElo "1603"]
[BlackElo "1952"]

1. d4 {[%clk 01:30:00]} Nf6 {[%clk 01:29:59]} 2. c4 {[%clk 01:30:00]} {[%emt
00:00:13]} g6 {[%clk 01:29:59]} 3. Nc3 {[%clk 01:30:00]} Bg7 {[%clk 01:29:55]}
{[%emt 00:00:08]} 4. e4 {[%clk 01:30:00]} {[%emt 00:00:31]} d6 {[%clk
01:29:55]} {[%emt 00:00:15]} 5. f3 {[%clk 01:30:00]} O-O {[%clk 01:29:41]} 6.
Nge2 {[%clk 01:30:00]} a6 {[%clk 01:29:41]} {[%emt 00:00:06]} 7. Ng3 {[%clk
01:29:48]} {[%emt 00:00:25]} c6 {[%clk 01:29:41]} {[%emt 00:00:10]} 8. a4
{[%clk 01:29:48]} {[%emt 00:00:05]} a5 {[%clk 01:29:41]} {[%emt 00:00:16]} 9.
h4 {[%clk 01:28:26]} {[%emt 00:01:30]} e5 {[%clk 01:25:23]} {[%emt 00:04:19]}
10. dxe5 {[%clk 01:26:11]} {[%emt 00:02:25]} dxe5 {[%clk 01:25:08]} {[%emt
00:00:33]} 11. Be3 {[%clk 01:26:07]} {[%emt 00:00:10]} Qc7 {[%clk 01:20:21]}
{[%emt 00:05:04]} 12. h5 {[%clk 01:24:53]} {[%emt 00:01:19]} Na6 {[%clk
01:13:25]} {[%emt 00:07:03]} 13. Be2 {[%clk 01:21:47]} {[%emt 00:03:13]} Be6
{[%clk 01:10:33]} {[%emt 00:03:17]} 14. hxg6 {[%clk 01:20:25]} {[%emt
00:01:58]} fxg6 {[%clk 01:05:20]} {[%emt 00:05:00]} 15. O-O {[%clk 01:20:10]}
{[%emt 00:00:16]} Rad8 {[%clk 01:04:24]} {[%emt 00:01:13]} 16. Qb3 {[%clk
01:18:15]} {[%emt 00:01:51]} Nb4 {[%clk 01:00:16]} {[%emt 00:04:32]} 17. Rad1
{[%clk 01:14:40]} {[%emt 00:03:31]} Rfe8 {[%clk 00:53:08]} {[%emt 00:07:17]} 18.
Na2 {[%clk 01:12:02]} {[%emt 00:02:47]} Nxa2 {[%clk 00:43:50]} {[%emt
00:09:38]} 19. Bb6 {[%clk 01:07:45]} {[%emt 00:04:22]} Qe7 {[%clk 00:36:12]}
{[%emt 00:07:43]} 20. Bxd8 {[%clk 01:06:52]} {[%emt 00:01:03]} Rxd8 {[%clk
00:36:11]} {[%emt 00:00:40]} 21. Qxa2 {[%clk 01:06:27]} {[%emt 00:00:06]} Qc5+
{[%clk 00:32:22]} {[%emt 00:04:08]} 22. Kh2 {[%clk 01:05:52]} {[%emt 00:00:38]}
Nd7 {[%clk 00:30:17]} {[%emt 00:02:13]} 23. b3 {[%clk 01:04:43]} {[%emt
00:01:19]} Rf8 {[%clk 00:26:28]} {[%emt 00:04:00]} 24. Nh1 {[%clk 01:02:37]}
{[%emt 00:02:18]} Bh6 {[%clk 00:19:01]} {[%emt 00:07:35]} 25. Qb1 {[%clk
00:59:22]} {[%emt 00:03:24]} Qe7 {[%clk 00:14:12]} {[%emt 00:05:02]} 26. g3
{[%clk 00:56:22]} {[%emt 00:03:07]} Qg5 {[%clk 00:10:54]} {[%emt 00:03:28]} 27.
Nf2 {[%clk 00:55:12]} {[%emt 00:01:23]} Nf6 {[%clk 00:10:00]} {[%emt 00:01:00]}
28. Ng4 {[%clk 00:51:00]} {[%emt 00:04:36]} Nxg4+ {[%clk 00:06:13]} {[%emt
00:03:44]} 29. fxg4 {[%clk 00:51:00]} {[%emt 00:00:28]} Qe3 {[%clk 00:03:27]}
{[%emt 00:02:37]} 30. Rxf8+ {[%clk 00:50:36]} {[%emt 00:00:30]} Bxf8 {[%clk
00:03:11]} {[%emt 00:00:37]} 31. Qd3 {[%clk 00:49:32]} {[%emt 00:01:05]} Qxd3
{[%clk 00:02:28]} {[%emt 00:00:51]} 32. Rxd3 {[%clk 00:49:26]} {[%emt
00:00:17]} Be7 {[%clk 00:02:15]} {[%emt 00:00:23]} 33. Kg2 {[%clk 00:49:01]}
{[%emt 00:00:34]} Kf7 {[%clk 00:02:15]} {[%emt 00:00:11]} 34. Kf3 {[%clk
00:48:18]} {[%emt 00:00:53]} g5 {[%clk 00:02:10]} {[%emt 00:00:16]} 35. Rd1
{[%clk 00:47:01]} {[%emt 00:01:24]} h6 {[%clk 00:02:08]} {[%emt 00:00:13]} 36.
Ke3 {[%clk 00:46:43]} {[%emt 00:00:27]} Bc5+ {[%clk 00:01:58]} {[%emt
00:00:35]} 37. Kd3 {[%clk 00:46:29]} {[%emt 00:00:09]} Bd4 {[%clk 00:01:57]}
{[%emt 00:00:11]} 38. c5 {[%clk 00:38:13]} {[%emt 00:08:26]} Bxc5 {[%clk
00:01:40]} {[%emt 00:00:33]} 39. Kc2 {[%clk 00:38:13]} {[%emt 00:00:08]} Bd4
{[%clk 00:01:24]} {[%emt 00:00:28]} 40. Bc4 {[%clk 00:37:30]} {[%emt 00:00:46]}
Bxc4 {[%clk 00:01:24]} {[%emt 00:00:13]} 41. bxc4 {[%clk 00:37:30]} Kg7 {[%clk
00:01:16]} {[%emt 00:00:37]} 42. Rf1 {[%clk 00:36:54]} {[%emt 00:00:24]} b6
{[%clk 00:01:12]} {[%emt 00:00:12]} 43. Rf5 {[%clk 00:36:48]} {[%emt 00:00:16]}
Ba1 {[%clk 00:01:12]} {[%emt 00:00:31]} 44. Kd3 {[%clk 00:35:58]} {[%emt
00:00:39]} Bd4 {[%clk 00:00:59]} {[%emt 00:00:23]} 45. Rf1 {[%clk 00:35:50]}
{[%emt 00:00:17]} Bc5 {[%clk 00:00:59]} {[%emt 00:00:08]} 46. Kc3 {[%clk
00:35:24]} {[%emt 00:00:36]} Bd4+ {[%clk 00:00:59]} {[%emt 00:00:33]} 47. Kb3
{[%clk 00:35:24]} {[%emt 00:00:03]} Bc5 {[%clk 00:00:59]} 48. Rd1 {[%clk
00:34:51]} {[%emt 00:00:30]} Bd4 {[%clk 00:00:59]} {[%emt 00:00:32]} 49. c5
{[%clk 00:34:30]} {[%emt 00:00:04]} Bxc5 {[%clk 00:00:44]} {[%emt 00:00:25]} 50.
Rd7+ {[%clk 00:34:30]} {[%emt 00:00:08]} Kf6 {[%clk 00:00:44]} {[%emt
00:00:04]} 51. Rc7 {[%clk 00:34:26]} {[%emt 00:00:13]} Bd4 {[%clk 00:00:36]}
{[%emt 00:00:18]} 52. Rxc6+ {[%clk 00:34:26]} {[%emt 00:00:06]} Kg7 {[%clk
00:00:36]} {[%emt 00:00:04]} 53. Kc4 {[%clk 00:34:25]} {[%emt 00:00:08]} Bf2
{[%clk 00:00:36]} {[%emt 00:00:11]} 54. Kb5 {[%clk 00:34:16]} {[%emt 00:00:18]}
Bxg3 {[%clk 00:00:36]} {[%emt 00:00:06]} 55. Kxb6 {[%clk 00:34:16]} {[%emt
00:00:07]} Be1 {[%clk 00:00:36]} {[%emt 00:00:14]} 56. Kb5 {[%clk 00:33:38]}
{[%emt 00:00:44]} h5 {[%clk 00:00:33]} {[%emt 00:00:22]} 57. gxh5 {[%clk
00:33:37]} {[%emt 00:00:06]} Kh7 {[%clk 00:00:33]} 58. Rg6 {[%clk 00:32:23]}
{[%emt 00:01:23]} Bd2 {[%clk 00:00:25]} {[%emt 00:00:23]} 59. Kb6 {[%clk
00:31:56]} {[%emt 00:00:29]} Kh8 {[%clk 00:00:25]} {[%emt 00:00:23]} 60. Kc6
{[%clk 00:31:29]} {[%emt 00:00:24]} Kh7 {[%clk 00:00:25]} {[%emt 00:00:35]} 61.
Kd5 {[%clk 00:31:29]} {[%emt 00:00:04]} Bf4 {[%clk 00:00:25]} 62. Ke6 {[%clk
00:31:22]} {[%emt 00:00:04]} g4 {[%clk 00:00:25]} 63. Rxg4 {[%clk 00:31:22]}
{[%emt 00:00:06]} Kh6 {[%clk 00:00:25]} 64. Kf5 {[%clk 00:31:15]} {[%emt
00:00:47]} Kxh5 {[%clk 00:00:25]} 65. Rxf4 {[%clk 00:31:15]} {[%emt 00:00:09]}
exf4 {[%clk 00:00:25]} 66. Kxf4 {[%clk 00:31:15]} Kg6 {[%clk 00:00:25]} 67. Ke5
{[%clk 00:31:15]} {[%emt 00:00:07]} Kf7 {[%clk 00:00:25]} 68. Kd6 {[%clk
00:31:15]} Ke8 {[%clk 00:00:25]} 69. e5 {[%clk 00:31:15]} {[%emt 00:00:04]} Kd8
{[%clk 00:00:25]} {[%emt 00:00:03]} 70. e6 {[%clk 00:31:15]} {[%emt 00:00:30]}
Ke8 {[%clk 00:00:25]} 71. e7 {[%clk 00:31:15]} {[%emt 00:00:04]} 1-0

[Event "2023 US National Elementary K-6 Championship"]
[Site "Baltimore, Maryland, United States"]
[Date "2023.05.14"]
[Round "7.20"]
[White "Qu, Brian"]
[Black "Sha, Yi"]
[Result "1-0"]
[TimeControl "G/90; d10"]
[WhiteElo "1636"]
[BlackElo "1758"]

1. c4 {[%clk 01:30:00]} e6 {[%clk 01:30:00]} 2. g3 {[%clk 01:30:00]} {[%emt
00:00:18]} d5 {[%clk 01:30:00]} {[%emt 00:00:13]} 3. Bg2 {[%clk 01:29:56]} Nf6
{[%clk 01:29:59]} {[%emt 00:00:19]} 4. Nf3 {[%clk 01:29:23]} {[%emt 00:00:32]}
c6 {[%clk 01:29:53]} {[%emt 00:00:17]} 5. b3 {[%clk 01:29:00]} {[%emt
00:00:35]} Nbd7 {[%clk 01:28:52]} {[%emt 00:01:44]} 6. d4 {[%clk 01:28:07]}
{[%emt 00:00:36]} Be7 {[%clk 01:27:45]} {[%emt 00:01:15]} 7. Nc3 {[%clk
01:27:54]} {[%emt 00:00:17]} O-O {[%clk 01:26:11]} {[%emt 00:01:58]} 8. O-O
{[%clk 01:27:54]} {[%emt 00:00:20]} b6 {[%clk 01:23:24]} {[%emt 00:02:31]} 9.
Bb2 {[%clk 01:25:58]} {[%emt 00:02:08]} Bb7 {[%clk 01:22:29]} {[%emt 00:01:02]}
10. Qc2 {[%clk 01:25:12]} {[%emt 00:01:01]} c5 {[%clk 01:20:10]} {[%emt
00:02:24]} 11. cxd5 {[%clk 01:21:19]} {[%emt 00:04:13]} exd5 {[%clk 01:18:57]}
{[%emt 00:01:15]} 12. Rfd1 {[%clk 01:20:45]} {[%emt 00:00:42]} Rc8 {[%clk
01:12:56]} {[%emt 00:06:21]} 13. e3 {[%clk 01:18:20]} {[%emt 00:02:24]} Ne4
{[%clk 01:07:07]} {[%emt 00:06:18]} 14. Qe2 {[%clk 01:15:46]} {[%emt 00:02:29]}
cxd4 {[%clk 01:04:40]} {[%emt 00:02:38]} 15. Nxe4 {[%clk 01:15:24]} {[%emt
00:00:55]} dxe4 {[%clk 01:01:54]} {[%emt 00:02:54]} 16. Nxd4 {[%clk 01:15:24]}
{[%emt 00:00:17]} Rc5 {[%clk 00:56:14]} {[%emt 00:05:16]} 17. Rac1 {[%clk
01:13:32]} {[%emt 00:02:08]} Rxc1 {[%clk 00:53:26]} {[%emt 00:03:02]} 18. Rxc1
{[%clk 01:13:31]} {[%emt 00:00:05]} Nc5 {[%clk 00:51:53]} {[%emt 00:01:45]} 19.
Ba1 {[%clk 01:11:09]} {[%emt 00:02:28]} Nd3 {[%clk 00:47:41]} {[%emt 00:04:42]}
20. Rc2 {[%clk 01:10:23]} {[%emt 00:00:39]} Nb4 {[%clk 00:42:19]} {[%emt
00:05:32]} 21. Rc1 {[%emt 00:02:09]} Ba6 {[%clk 00:40:01]} {[%emt 00:02:03]} 22.
Qg4 {[%clk 01:07:57]} {[%emt 00:01:27]} Bf6 {[%clk 00:37:47]} {[%emt 00:02:00]}
23. Qxe4 {[%clk 01:04:51]} {[%emt 00:03:31]} Nxa2 {[%clk 00:35:41]} {[%emt
00:01:59]} 24. Rd1 {[%clk 01:03:07]} {[%emt 00:01:52]} Nb4 {[%clk 00:31:49]}
{[%emt 00:04:04]} 25. Qf3 {[%clk 01:00:10]} {[%emt 00:03:04]} Bd3 {[%clk
00:26:52]} {[%emt 00:05:10]} 26. Bc3 {[%clk 00:59:28]} {[%emt 00:00:50]} Bxd4
{[%clk 00:24:39]} {[%emt 00:02:36]} 27. exd4 {[%clk 00:58:37]} {[%emt
00:01:11]} Re8 {[%clk 00:23:42]} {[%emt 00:00:44]} 28. Rxd3 {[%clk 00:57:29]}
{[%emt 00:01:18]} Nxd3 {[%clk 00:23:40]} {[%emt 00:00:51]} 29. Qxd3 {[%clk
00:57:29]} Qd6 {[%clk 00:21:56]} {[%emt 00:01:24]} 30. d5 {[%clk 00:56:46]}
{[%emt 00:01:00]} a5 {[%clk 00:19:45]} {[%emt 00:02:16]} 31. h3 {[%clk
00:55:33]} {[%emt 00:01:25]} Rc8 {[%clk 00:17:48]} {[%emt 00:02:03]} 32. Bd2
{[%clk 00:55:04]} {[%emt 00:00:48]} Rd8 {[%clk 00:16:45]} {[%emt 00:01:04]} 33.
Bf4 {[%clk 00:54:38]} {[%emt 00:00:35]} Qf6 {[%clk 00:16:45]} {[%emt 00:00:13]}
34. h4 {[%clk 00:53:51]} {[%emt 00:00:55]} h6 {[%clk 00:16:45]} {[%emt
00:00:40]} 35. Bc7 {[%clk 00:53:30]} Re8 {[%clk 00:15:50]} {[%emt 00:01:03]} 36.
d6 {[%clk 00:52:19]} {[%emt 00:01:21]} Re1+ {[%clk 00:15:34]} {[%emt 00:00:27]}
37. Bf1 {[%clk 00:51:41]} {[%emt 00:00:46]} 1-0